Filosofía social para juristas.

Saved in:
Bibliografiske detaljer
Hovedforfatter: Adame Goddard, Jorge (autor)
Format: Bog
Sprog:engelsk
Udgivet: México, D.F., México: Universidad Nacional Autónoma de México; McGraw-Hill, 1998.
Serier:E. Varios, 92.
Fag:
Tags: Tilføj Tag
Ingen Tags, Vær først til at tagge denne postø!

MARC

LEADER 00000nam a22000007a 4500
003 CL-VaPUC
005 20220822114427.0
008 220308t1998 ||||| |||| 00| 0 eng d
999 |c 434749  |d 434747 
020 |a 970-10-1888-5 
040 |c Pontificia Universidad Católica de Valparaíso 
082 0 4 |2 22  |a 340.115 ADA 1998 
100 1 |a Adame Goddard, Jorge  |9 393456  |e autor 
245 1 0 |a Filosofía social para juristas.  
260 |a México, D.F., México:   |b Universidad Nacional Autónoma de México;  |b McGraw-Hill,   |c 1998.  
300 |a XVII, 239 páginas.  
490 0 |a E. Varios,   |v  92. 
500 |a c.1 Donación Familia Prof. Alejandro Guzmán Brito. 
505 |a Contenido: - Acerca del autor. - Introducción general. - I. Derecho, Ciencias sociales y Filosofía. - II. Lo que las cosas son. - III. La naturaleza humana, - IV. La persona humana. - V. La ley fundamental de la persona humana. - VI. La familia, comunidad de personas. - VII. La sociedad Nacional, comunidad de familias. - VIII. La ley fundamental de la sociedad. - IX. La sociedad internacional, comunidad de naciones. - índice analítico. 
583 |c 20220308  |k Yessy Stephany Diaz Vidal 
650 1 |a Filosofía social  |x Profesores de derecho  |z México  |9 869981 
650 1 |a Jurisprudencia sociológica  |x Filosofía del derecho  |9 870048 
650 1 |a Filosofía del derecho  |x Enseñanza del derecho  |z México  |9 869985 
650 1 |a Persona humana  |x Filosofía del derecho  |9 869986 
942 |2 ddc  |c BK  |n 0 
952 |0 0  |1 0  |2 ddc  |4 0  |6 340_115000000000000_ADA_1998  |7 0  |8 C_AGB  |9 581748  |a BIBDER  |b BIBDER  |d 2022-03-08  |e Donación   |i 5649919  |o 340.115 ADA 1998  |p 5649919  |r 2023-01-25  |t 1  |w 2022-03-08  |y BK_US  |k AGB